Priatelia tučniaci

Ručné práce pre deti v školách a školských družinách. Názorné ukážky vystrihovačiek z farebného papiera a pracovný postup.

Bibliographic Details
Main Author: Macháčová, Matilda, 1938- (Author)
Format: Article
Language:Slovak
Subjects:

MARC

LEADER 00000nab a2200000 a 4500
001 vtls001511105
003 SK-MaSNL
005 20260303075921.0
008 140716s2002 xo 000 0 slo
035 |a SPKCL13432 
040 |a SPKCL  |b slo  |c SNKBUCL  |d ŠVK P(ZDZ)  |e AACR2 
041 |a slo 
044 |a xo  |c SK 
080 |a 37.018.54:371.381.2:373.3  |2 1981 
100 1 |a Macháčová, Matilda,  |d 1938-  |4 aut  |9 179446 
245 1 0 |a Priatelia tučniaci  |c Matilda Macháčová 
520 |a Ručné práce pre deti v školách a školských družinách. Názorné ukážky vystrihovačiek z farebného papiera a pracovný postup. 
650 0 7 |a ručné práce  |2 SNKPH  |9 3095 
650 0 7 |a pracovné vyučovanie  |2 SNKPH  |9 68041 
650 0 7 |a školské kluby detí  |2 SNKPH  |9 71294 
650 0 7 |a základné školy  |2 SNKPH  |9 1280 
773 1 |t Vychovávateľ : Časopis pedagógov  |g Roč. 47, č. 6 (2002) s. 40 
850 |a Slovenská pedagogická knižnica Bratislava 
852 |a SPKCL  |b KIS3GCP  |b 000710000  |n SK 
999 |c 1778024  |d 1779954